| 000 | 00454nam a2200169Ia 4500 | ||
|---|---|---|---|
| 003 | GCL | ||
| 008 | 140319s9999 xx 000 0 eng d | ||
| 040 |
_aGCL / _cGCL |
||
| 082 | 0 | 4 |
_a006 _bV V |
| 100 | 1 | _aVINCE, JOHN | |
| 245 | 1 | 0 |
_aVIRTUAL REALITY SYSTEMS / _cVINCE, JOHN |
| 260 |
_a[S.N] : _bADDISON - WESLEY PUBLISHING COMPANY ، _c1995 |
||
| 300 | _a388 P | ||
| 650 | 0 | 4 | _aVIRTUAL REALITY |
| 650 | 0 | 4 | _aHUMAN COMPUTER INTERACTION |
| 942 |
_2ddc _cBK |
||
| 999 |
_c11145 _d11145 |
||